Prezydenci Polski według obrazu - nagła śmierć - Statystyki

Ogólne statystyki
  • Ten quiz został rozwiązany 189 razy
    52 od ostatniego zresetowania
  • Średni wynik to 6 z 11
Answers on the Grid
Answers color-coded by a green-red scale on the quiz's grid according to % correct below.
 
Statystyki odpowiedzi
Odpowiedź % Poprawnych
Lech Wałęsa
88%
Lech Kaczyński
81%
Wojciech Jaruzelski
81%
Bronisław Komorowski
81%
Gabriel Narutowicz
59%
Andrzej Duda
59%
Aleksander Kwaśniewski
56%
Stanisław Wojciechowski
41%
Bolesław Bierut
34%
Ignacy Mościcki
28%
Ryszard Kaczorowski
25%
Nie znaleziono quizów pasujących do podanych kryteriów
Rozkład punktacji
Procent ludzi z każdym wynikiem
Percentyl według liczby udzielonych odpowiedzi
Twoja historia wyników
Nie rozwiązałeś tego quizu od ostatniego zresetowania